Benchmark
Vývoj a výklad pojmu "benchmarking".
Gespeichert in:
| 1. Verfasser: | |
|---|---|
| Format: | Buchkapitel |
| Sprache: | Tschechisch |
| Schlagworte: | |
| Tags: |
Keine Tags, Fügen Sie das erste Tag hinzu!
|
MARC
| LEADER | 00000naa$a2200000$$$4500 | ||
|---|---|---|---|
| 001 | 0082423 | ||
| 005 | 20231113131336.8 | ||
| 041 | 0 | |a cze | |
| 044 | |a CZ | ||
| 245 | 1 | 0 | |a Benchmark |c Zuzana Pávová |
| 520 | |a Vývoj a výklad pojmu "benchmarking". | ||
| 610 | 2 | 0 | |a benchmarking |
| 610 | 2 | 0 | |a pojmy |
| 100 | 1 | |a Pávová, Zuzana | |